ՀՀ Գիտությունների ազգային ակադեմիայի հիմնարար գիտական գրադարան  =   Fundamental Scientific Library of NAS RA

Чечёски/ (Record no. 397445)

MARC details
000 -LEADER
fixed length control field 00718nam a22002057a 4500
003 - CONTROL NUMBER IDENTIFIER
control field AM-YeHGA
005 - DATE AND TIME OF LATEST TRANSACTION
control field 20250617153748.0
008 - FIXED-LENGTH DATA ELEMENTS--GENERAL INFORMATION
fixed length control field 180115b1948 sah||||| |||| 00| 0 rus d
040 ## - CATALOGING SOURCE
Original cataloging agency AM-YeHGA
041 1# - LANGUAGE CODE
Language code of text/sound track or separate title rus
Language code of original sah
090 ## - LOCALLY ASSIGNED LC-TYPE CALL NUMBER (OCLC); LOCAL CALL NUMBER (RLIN)
-- 399542
100 1# - MAIN ENTRY--PERSONAL NAME
Personal name Омоллон, Суорун
245 10 - TITLE STATEMENT
Title Чечёски/
Statement of responsibility, etc. Суорун Омоллон; Пер. с якут. З.К. Захаровой:
260 ## - PUBLICATION, DISTRIBUTION, ETC.
Place of publication, distribution, etc. Якутск:
Name of publisher, distributor, etc. Госиздат ЯАССР,
Date of publication, distribution, etc. 1948:
300 ## - PHYSICAL DESCRIPTION
Extent 52 с.
Other physical details портр.
440 1# - SERIES STATEMENT/ADDED ENTRY--TITLE
Title Библиотечка якутской Советской литературы
650 14 - SUBJECT ADDED ENTRY--TOPICAL TERM
Topical term or geographic name entry element Якуиская литература
700 1# - ADDED ENTRY--PERSONAL NAME
Personal name Захаров, З.К.
Relator term пер.
Relationship trl
942 ## - ADDED ENTRY ELEMENTS (KOHA)
Source of classification or shelving scheme Universal Decimal Classification
Koha item type Գրքեր / Books
Holdings
Withdrawn status Lost status Source of classification or shelving scheme Damaged status Not for loan Collection Home library Current library Date acquired Total checkouts Full call number Barcode Date last seen Price effective from Koha item type Public note
    Universal Decimal Classification     General Fundamental Scientific Library Fundamental Scientific Library 15/01/2018   РД I/5375 FL0461520 15/01/2018 15/01/2018 Գրքեր / Books 30 Days Loan


ՀՀ ԳԱԱ հիմնարար գիտական գրադարան
ՀՀ,Երևան 0019
Մարշալ Բաղրամյան 24/6
հեռախոս:(374-10) 52-47-50
Հետադարձ կապ

All site content, except where otherwise noted, is licensed under a
Creative Commons License